000 00764nam a2200181Ia 4500
008 100921s9999 xx 000 0 und d
082 _b42703
_a927 न 08
100 _aगवाणकर गंगाराम.
245 _aव्हाया वस्त्रहरण.(नाटककार).
260 _bडिंपल प्रकाशन,ठाणे.
_c2008
300 _a253
_bजयेश एजन्सी,पुणे.
365 _b250
520 _aचरित्रे-कलाकार.
630 _aव्हाया वस्त्रहरण.(नाटककार).
650 _aचरित्रे-कलाकार.
730 _aव्हाया वस्त्रहरण.(नाटककार).
942 _cBOOK
999 _c791816
_d791813